| 000 | 00951nam a2200277 i 4500 | ||
|---|---|---|---|
| 001 | 181424 | ||
| 003 | ES-MaACL | ||
| 005 | 20250910215348.0 | ||
| 008 | 130115s2012 sp |||| | spa d | ||
| 020 | _a978-84-9895-049-6 | ||
| 080 | _a821.411.21(460)-14"07/14"(082.2) | ||
| 080 | _a821.411.21-1(082.2) | ||
| 100 | 1 |
_aSobh, Mahmud. _9106985 |
|
| 245 | 1 | 3 |
_aEl diván de la poesía árabe oriental y andalusí / _cMahmud Sobh. |
| 260 |
_aMadrid : _bVisor Libros, _c2012. |
||
| 300 |
_a1427 p. ; _c24 cm. |
||
| 490 | 1 |
_aVisor de poesía maior ; _v16 |
|
| 546 | _aTexto en árabe y versión española. | ||
| 650 | 0 | 4 |
_aPoesía árabe- _ys. XXI _9235760 |
| 650 | 4 |
_aPoesías árabes- _zAl-Andalus. _9152061 |
|
| 655 | 7 |
_2tgfbne _aPoesías _9176539 |
|
| 830 | 0 |
_aColección Visor de poesía. Serie maior _v16 _9183011 |
|
| 852 |
_aES-MaACL _jA-12527 _9188324 _bR.148813 _cDEPO1 _dOlim: N-5530 |
||
| 942 |
_2udc _cMONOGRAFIA |
||
| 999 |
_c181424 _d181424 |
||